|
|
|
|
| LEADER |
00000nam a2200000 4500 |
| 001 |
vtls012254322 |
| 003 |
SK-MaSNL |
| 005 |
20260301203514.0 |
| 008 |
240410s2012 pl o gr 000 0 pol |
| 015 |
|
|
|a SNBA2024/05
|
| 020 |
|
|
|a 9788362693160
|q (viazané)
|
| 040 |
|
|
|a SNK
|b slo
|c SNK
|e rda
|
| 041 |
0 |
|
|a pol
|b eng
|b slo
|
| 043 |
|
|
|a e-pl---
|a e-xo---
|
| 044 |
|
|
|a pl
|c PL
|
| 072 |
|
7 |
|a 391
|x Odev, móda, ozdoby
|2 konspekt
|
| 080 |
|
|
|a 913(1-192)
|2 2011
|
| 080 |
|
|
|a (438)
|2 2011
|
| 080 |
|
|
|a (437.6)
|2 2011
|
| 080 |
|
|
|a 39
|2 2011
|
| 080 |
|
|
|a 391
|2 2011
|
| 080 |
|
|
|a (048.8)
|2 2011
|
| 080 |
|
|
|a (=162.4)+(=162.1)
|2 2011
|
| 100 |
1 |
|
|a Trebunia-Staszel, Stanisława
|4 aut
|9 587077
|
| 245 |
1 |
0 |
|a Z Nowego Targu do Kieźmarku. Stroje ludowe pogranicza polsko-słowackiego
|c Stanislawa Trebunia-Staszel, Ján Olejník
|
| 246 |
3 |
1 |
|a Z Nového Targu do Kežmarku. Ľudové kroje poľsko-slovenského pohraničia
|
| 246 |
3 |
0 |
|a Stroje ludowe pogranicza polsko-słowackiego
|
| 246 |
3 |
0 |
|a Ľudové kroje poľsko-slovenského pohraničia
|
| 264 |
|
1 |
|a Nowy Targ
|b Burmistrz Miasta Nowy Targ
|c 2012
|
| 300 |
|
|
|a 256 strán
|b fotografie (prevažne farebné), ilustrácie
|c 24 cm
|
| 336 |
|
|
|a text
|b txt
|2 rdacontent
|
| 336 |
|
|
|a statický obraz
|b sti
|2 rdacontent
|
| 337 |
|
|
|a bez média
|b n
|2 rdamedia
|
| 338 |
|
|
|a zväzok
|b nc
|2 rdacarrier
|
| 500 |
|
|
|a Bezplatný výtlačok
|
| 504 |
|
|
|a Obsahuje bibliografiu na strane 219-223
|
| 546 |
|
|
|a Anglické a slovenské resumé
|
| 650 |
0 |
7 |
|a pohraničie
|2 SNKPH
|9 66671
|
| 650 |
0 |
7 |
|a ľudová kultúra
|2 SNKPH
|9 66058
|
| 650 |
0 |
7 |
|a Folk culture
|2 SNKPHeng
|9 265677
|
| 650 |
0 |
7 |
|a Ethnic costume
|2 SNKPHeng
|9 266856
|
| 650 |
0 |
7 |
|a Border region
|2 SNKPHeng
|9 302498
|
| 650 |
0 |
7 |
|a etnografia
|2 SNKPH
|9 950
|
| 650 |
0 |
7 |
|a Ethnography
|2 SNKPHeng
|9 265262
|
| 650 |
0 |
7 |
|a ľudové odevy
|2 SNKPH
|9 85297
|
| 650 |
0 |
7 |
|a Gorali
|2 SNKPH
|9 55089
|
| 650 |
0 |
7 |
|a Gorals
|2 SNKPHeng
|2 SNKPHeng
|9 304454
|
| 651 |
|
7 |
|a Podhalie (Poľsko : región)
|2 SNKPHgeo
|9 152330
|
| 651 |
|
7 |
|a Tatry (Slovensko : región)
|2 SNKPHgeo
|9 59212
|
| 651 |
|
7 |
|a Podhale Region (Poland)
|2 SNKPHeng
|9 587078
|
| 651 |
|
7 |
|a Tatry (Slovakia : region)
|2 SNKPHeng
|9 341920
|
| 655 |
|
7 |
|a monografie
|2 SNKPH
|9 70139
|
| 655 |
|
7 |
|a Monographs
|2 SNKPHeng
|9 120675
|
| 700 |
1 |
|
|a Olejník, Ján,
|d 1921-2017
|4 aut
|9 170319
|
| 852 |
|
|
|a Slovenská národná knižnica
|
| 919 |
|
|
|a 978-83-62693-16-0
|
| 954 |
|
|
|a odborná, vedecká literatúra cudzojazyčná (svetová)
|2 lita
|
| 954 |
|
|
|a odborná, vedecká literatúra pôvodná (slovenská)
|2 lita
|
| 958 |
|
|
|a NB
|
| 999 |
|
|
|c 902864
|d 904794
|
| 952 |
|
|
|a SNK
|b SNK
|y PREZ
|7 0
|p 17A1531289
|o snkSC 206349
|i snk2024/5687
|8 7
|0 0
|1 0
|4 0
|d 2024-04-10
|l 0
|r 2025-10-29 00:00:00
|w 2026-02-24
|
| 952 |
|
|
|a SNK
|b SNK
|y VYP
|7 0
|p 17A1531288
|o snkSC 206349 D1
|i snk2024/5688
|8 7
|0 0
|1 0
|4 0
|d 2024-04-10
|l 0
|r 2026-02-24 07:18:56
|w 2026-02-24
|